Riešenie úloh na opakované závislé a nezávislé pokusy – výučbový softvér bakalárska práca

Saved in:
Bibliographic Details
Main Author: Galamboš, Pavol
Corporate Author: Fakulta hospodárskej informatiky EU. Katedra matematiky a aktuárstva
Other Authors: Slaninka, František, 1973-
Format: Book
Language:Slovak
Published: Bratislava 2015
Tags: Add Tag
No Tags, Be the first to tag this record!

MARC

LEADER 00000nbm a2200000 4500
001 0204189
005 20161212115129.2
041 0 |a slo 
044 |a SK 
245 1 0 |a Riešenie úloh na opakované závislé a nezávislé pokusy – výučbový softvér  |b bakalárska práca  |c Pavol Galamboš ; školiteľ: František Slaninka 
264 1 |a Bratislava  |c 2015 
300 |a 40 s. 
100 1 |a Galamboš, Pavol 
700 1 |a Slaninka, František, 1973- 
710 2 |a Fakulta hospodárskej informatiky EU. Katedra matematiky a aktuárstva